[Event "32. Abierto Ciudad de Sevilla"]
[Site "Sevilla ESP"]
[Date "2007.01.12"]
[Round "6.13"]
[White "Tissir, Mohamed"]
[Black "Prados Montaño, Antonio"]
[Result "1-0"]
[WhiteElo "2482"]
[BlackElo "2208"]
[PlyCount "39"]
[EventDate "2007.01.07"]
[EventType "swiss"]
[EventRounds "9"]
[EventCountry "ESP"]
[Source "lmi"]
[SourceDate "2007.01.07"]

1. e4 c5 2. Nf3 Nc6 3. d4 cxd4 4. Nxd4 Nf6 5. Nc3 e5 6. Ndb5 d6 7. Bg5 a6 8.
Na3 b5 9. Bxf6 gxf6 10. Nd5 Bg7 11. c4 b4 12. Nc2 O-O 13. Ncxb4 Nxb4 14. Nxb4
f5 15. Bd3 Qb6 16. Nd5 Qd4 17. Qe2 Rb8 18. Rb1 Be6 19. Ne7+ Kh8 20. Nc6 1-0

[Event "32. Abierto Ciudad de Sevilla"]
[Site "Sevilla ESP"]
[Date "2007.01.12"]
[Round "6.14"]
[White "Komljenovic, Davor"]
[Black "Robles Garcia, Claudia"]
[Result "1-0"]
[WhiteElo "2481"]
[BlackElo "2089"]
[PlyCount "65"]
[EventDate "2007.01.07"]
[EventType "swiss"]
[EventRounds "9"]
[EventCountry "ESP"]
[Source "lmi"]
[SourceDate "2007.01.07"]

1. c4 c5 2. Nc3 Nc6 3. g3 g6 4. Bg2 Bg7 5. a3 d6 6. Rb1 a5 7. d3 e5 8. Nf3 Nge7
9. Nd2 Be6 10. Nd5 O-O 11. Nxe7+ Qxe7 12. Ne4 Rab8 13. Nc3 Qd8 14. O-O Ne7 15.
Bg5 f6 16. Be3 b6 17. b4 cxb4 18. axb4 d5 19. cxd5 Nxd5 20. Bxd5 Bxd5 21. bxa5
Bc6 22. Qb3+ Kh8 23. Bxb6 Qc8 24. Rfc1 f5 25. Qc4 Qd7 26. Nb5 Bb7 27. Nc7 Bh6
28. Rc2 f4 29. Qe6 Qg7 30. Ba7 fxg3 31. hxg3 Bd5 32. Bxb8 Bxe6 33. Nxe6 1-0

[Event "32. Abierto Ciudad de Sevilla"]
[Site "Sevilla ESP"]
[Date "2007.01.12"]
[Round "6.16"]
[White "Van Hoolandt, Patrick"]
[Black "Gavrilov, Alexei"]
[Result "1/2-1/2"]
[WhiteElo "2257"]
[BlackElo "2465"]
[PlyCount "49"]
[EventDate "2007.01.07"]
[EventType "swiss"]
[EventRounds "9"]
[EventCountry "ESP"]
[Source "lmi"]
[SourceDate "2007.01.07"]

1. d4 e6 2. Nf3 Nf6 3. c4 d5 4. Nc3 Be7 5. Qc2 dxc4 6. e4 Nc6 7. e5 Nb4 8. Qd1
Nfd5 9. Bxc4 Nb6 10. Be2 Bd7 11. O-O Bc6 12. a3 N4d5 13. Ne4 Nf4 14. Nd6+ Bxd6
15. Bxf4 Be7 16. Rc1 Qd7 17. Re1 h6 18. h3 Nd5 19. Bd2 Bb5 20. Qc2 Bxe2 21.
Rxe2 Rc8 22. Re4 c5 23. Rg4 g6 24. dxc5 Rxc5 25. Rc4 1/2-1/2

[Event "32. Abierto Ciudad de Sevilla"]
[Site "Sevilla ESP"]
[Date "2007.01.12"]
[Round "6.17"]
[White "Romero Romero, Sebastian"]
[Black "Fernandez Romero, Ernesto"]
[Result "0-1"]
[WhiteElo "2073"]
[BlackElo "2434"]
[PlyCount "66"]
[EventDate "2007.01.07"]
[EventType "swiss"]
[EventRounds "9"]
[EventCountry "ESP"]
[Source "lmi"]
[SourceDate "2007.01.07"]

1. e4 c5 2. Nf3 Nc6 3. d4 cxd4 4. Nxd4 Qc7 5. Nc3 e6 6. Be3 a6 7. Qd2 Nf6 8. f3
b5 9. g4 d6 10. a4 b4 11. Nce2 Rb8 12. Nxc6 Qxc6 13. Nd4 Qc7 14. b3 Be7 15. Be2
g6 16. Bd3 Bb7 17. O-O-O Nd7 18. h4 Nc5 19. Kb1 h5 20. g5 O-O 21. Rhe1 Rfd8 22.
Ne2 Bc6 23. Bxc5 dxc5 24. Qc1 Bxa4 25. Bxa6 Bd7 26. Bc4 Ra8 27. Qb2 Ra5 28. c3
Rda8 29. cxb4 cxb4 30. Nc1 Bb5 31. Bxb5 Rxb5 32. e5 Rba5 33. Re2 R8a6 0-1

[Event "32. Abierto Ciudad de Sevilla"]
[Site "Sevilla ESP"]
[Date "2007.01.12"]
[Round "6.18"]
[White "Quesada Aguilera, Antonio"]
[Black "Kononenko, Tatiana"]
[Result "0-1"]
[WhiteElo "2068"]
[BlackElo "2379"]
[PlyCount "168"]
[EventDate "2007.01.07"]
[EventType "swiss"]
[EventRounds "9"]
[EventCountry "ESP"]
[Source "lmi"]
[SourceDate "2007.01.07"]

1. d4 d5 2. c4 c6 3. Nf3 Nf6 4. Nc3 dxc4 5. a4 Bf5 6. e3 e6 7. Bxc4 Bb4 8. O-O
O-O 9. h3 Nbd7 10. Nh4 Bg6 11. Nxg6 hxg6 12. Qb3 Qb6 13. Rd1 a5 14. Bd2 e5 15.
Na2 Bxd2 16. Rxd2 Qc7 17. Nc3 exd4 18. Rxd4 Ne5 19. Be2 g5 20. Rc1 Rad8 21.
Rcd1 Rde8 22. R1d2 Re7 23. Qd1 Rfe8 24. Rd8 Qb6 25. Rxe8+ Rxe8 26. Qc2 g6 27.
Rd4 Ned7 28. Bc4 Kg7 29. Qd2 Ne5 30. Ba2 Re7 31. Ne4 c5 32. Nxf6 cxd4 33. Nd5
dxe3 34. Qc3 exf2+ 35. Kf1 Qd6 36. Nxe7 Qxe7 37. Kxf2 b6 38. Qd4 Qc7 39. Ke3 f5
40. Kd2 Kf6 41. Qd5 Qd7 42. Ke3 f4+ 43. Ke2 Qxd5 44. Bxd5 Ke7 45. Be4 Kd6 46.
Kd2 Kc5 47. Kc3 g4 48. hxg4 g5 49. Bf5 Kd5 50. b4 Nc6 51. bxa5 bxa5 52. Bc8 Ne5
53. Bb7+ Kc5 54. Bf3 Nc4 55. Bd1 Nb6 56. Bb3 Nd5+ 57. Bxd5 Kxd5 58. Kd3 Ke5 59.
Kc4 Ke4 60. Kb5 Ke3 61. Kxa5 Kf2 62. Kb4 Kxg2 63. a5 f3 64. a6 f2 65. a7 f1=Q
66. a8=Q+ Kg3 67. Kc5 Kxg4 68. Qe4+ Qf4 69. Qh1 Qe3+ 70. Kb5 Kg3 71. Qd1 g4 72.
Qd6+ Kh3 73. Qd7 Qe4 74. Ka5 Kg2 75. Qd2+ Kf1 76. Kb6 g3 77. Kc7 g2 78. Qc1+
Ke2 79. Qb2+ Kf3 80. Qb3+ Kf4 81. Qf7+ Kg3 82. Qb3+ Kh2 83. Qb2 Qh7+ 84. Kc6
Kh1 0-1

[Event "32. Abierto Ciudad de Sevilla"]
[Site "Sevilla ESP"]
[Date "2007.01.12"]
[Round "6.19"]
[White "Garcia Domingo, Jose Antonio"]
[Black "Vehi Bach, Victor Manuel"]
[Result "0-1"]
[WhiteElo "2066"]
[BlackElo "2368"]
[PlyCount "42"]
[EventDate "2007.01.07"]
[EventType "swiss"]
[EventRounds "9"]
[EventCountry "ESP"]
[Source "lmi"]
[SourceDate "2007.01.07"]

1. e4 c5 2. Nf3 e6 3. d4 cxd4 4. Nxd4 a6 5. Be2 Nf6 6. Nc3 Qc7 7. f3 b5 8. a3
Bb7 9. Be3 b4 10. Nb1 d5 11. exd5 Nxd5 12. Bf2 Nd7 13. axb4 Bxb4+ 14. c3 Bd6
15. g3 h5 16. Nd2 h4 17. Nc4 hxg3 18. Nxd6+ Qxd6 19. Bxg3 Qxg3+ 20. hxg3 Rxh1+
21. Bf1 Rxf1+ 0-1

[Event "32. Abierto Ciudad de Sevilla"]
[Site "Sevilla ESP"]
[Date "2007.01.12"]
[Round "6.20"]
[White "Morillo-Velarde Gallego, Antonio"]
[Black "Melero Fidalgo, Juan de Dios"]
[Result "0-1"]
[WhiteElo "2051"]
[BlackElo "2195"]
[PlyCount "64"]
[EventDate "2007.01.07"]
[EventType "swiss"]
[EventRounds "9"]
[EventCountry "ESP"]
[Source "lmi"]
[SourceDate "2007.01.07"]

1. e4 c5 2. Nf3 d6 3. g3 Nc6 4. Bg2 g6 5. d3 Bg7 6. Nbd2 e6 7. c3 Nge7 8. O-O
O-O 9. Re1 Rb8 10. a4 b6 11. Nc4 Ba6 12. Ne3 Ne5 13. Nxe5 dxe5 14. Bf1 Nc6 15.
b4 cxb4 16. cxb4 Nd4 17. b5 Bb7 18. Bb2 f5 19. Bxd4 exd4 20. Ng2 fxe4 21. dxe4
Qf6 22. Nf4 Bh6 23. Nd3 Rbc8 24. f4 g5 25. Qg4 Kh8 26. e5 Qe7 27. fxg5 Bxg5 28.
Bg2 Be3+ 29. Kh1 Rc3 30. Nf4 Bxf4 31. Rf1 Rc2 32. Bc6 Rxc6 0-1

[Event "32. Abierto Ciudad de Sevilla"]
[Site "Sevilla ESP"]
[Date "2007.01.13"]
[Round "7.6"]
[White "Komljenovic, Davor"]
[Black "Dizdar, Goran"]
[Result "1/2-1/2"]
[WhiteElo "2481"]
[BlackElo "2541"]
[PlyCount "21"]
[EventDate "2007.01.07"]
[EventType "swiss"]
[EventRounds "9"]
[EventCountry "ESP"]
[Source "lmi"]
[SourceDate "2007.01.07"]

1. c4 e6 2. Nc3 d5 3. d4 Bb4 4. cxd5 exd5 5. Nf3 Nf6 6. Bd2 O-O 7. a3 Bxc3 8.
Bxc3 Re8 9. e3 Bg4 10. Be2 c6 11. O-O 1/2-1/2

[Event "32. Abierto Ciudad de Sevilla"]
[Site "Sevilla ESP"]
[Date "2007.01.13"]
[Round "7.7"]
[White "Van der Weide, Karel"]
[Black "Narciso Dublan, Marc"]
[Result "1-0"]
[WhiteElo "2476"]
[BlackElo "2537"]
[PlyCount "73"]
[EventDate "2007.01.07"]
[EventType "swiss"]
[EventRounds "9"]
[EventCountry "ESP"]
[Source "lmi"]
[SourceDate "2007.01.07"]

1. e4 e6 2. d4 d5 3. Nc3 Bb4 4. e5 Ne7 5. a3 Bxc3+ 6. bxc3 b6 7. Qg4 Ng6 8. h4
h5 9. Qf3 Nxh4 10. Qh3 Nf5 11. g4 Ne7 12. Ne2 Ba6 13. Ng3 c5 14. Nxh5 Kf8 15.
Bxa6 Nxa6 16. Bg5 Qc7 17. Qd3 cxd4 18. cxd4 Qc4 19. Kd2 Rg8 20. f4 Rc8 21. Raf1
Qxd3+ 22. Kxd3 Ke8 23. f5 Nc6 24. Nf4 Nxe5+ 25. dxe5 Nc5+ 26. Ke3 Ne4 27. Bh4
Rc3+ 28. Nd3 Rh8 29. Be1 Rxh1 30. Rxh1 Rxc2 31. Rh8+ Ke7 32. Rg8 Nc5 33. Rxg7
Rh2 34. Nf4 Kf8 35. f6 a5 36. g5 Rh1 37. Bf2 1-0

[Event "32. Abierto Ciudad de Sevilla"]
[Site "Sevilla ESP"]
[Date "2007.01.13"]
[Round "7.10"]
[White "Gavrilov, Alexei"]
[Black "Pereira Figueroa, Manuel"]
[Result "1-0"]
[WhiteElo "2465"]
[BlackElo "2121"]
[PlyCount "100"]
[EventDate "2007.01.07"]
[EventType "swiss"]
[EventRounds "9"]
[EventCountry "ESP"]
[Source "lmi"]
[SourceDate "2007.01.07"]

1. d4 Nf6 2. c4 g6 3. Nc3 Bg7 4. e4 d6 5. Nf3 O-O 6. Be2 e5 7. Be3 Ng4 8. Bg5
f6 9. Bc1 Nc6 10. d5 Ne7 11. h3 Nh6 12. h4 Nf7 13. h5 g5 14. Qb3 h6 15. g4 c6
16. Nh2 b5 17. Be3 Qa5 18. dxc6 Nxc6 19. Qxb5 Qxb5 20. Nxb5 a6 21. Nc7 Rb8 22.
O-O-O Rd8 23. f3 Bf8 24. Nf1 Rd7 25. Nd5 Kg7 26. Ng3 Rdb7 27. Rd2 Nfd8 28. Bd1
Nb4 29. a3 Nxd5 30. cxd5 Bd7 31. Rhh2 Kf7 32. Rd3 Ke8 33. Rc3 Nf7 34. Nf5 Be7
35. Rhc2 Bd8 36. Be2 a5 37. Ba6 Rb3 38. Bc8 Rxc3 39. Bxd7+ Kxd7 40. Rxc3 Bb6
41. Bxb6 Rxb6 42. b3 Kd8 43. Kc2 Kd7 44. Rc4 Ra6 45. Ra4 Kc7 46. b4 Kb6 47.
Rxa5 Rxa5 48. bxa5+ Kxa5 49. Kb3 Kb5 50. a4+ Kc5 1-0

[Event "32. Abierto Ciudad de Sevilla"]
[Site "Sevilla ESP"]
[Date "2007.01.13"]
[Round "7.11"]
[White "Vehi Bach, Victor Manuel"]
[Black "Movsziszian, Karen"]
[Result "1-0"]
[WhiteElo "2368"]
[BlackElo "2445"]
[PlyCount "33"]
[EventDate "2007.01.07"]
[EventType "swiss"]
[EventRounds "9"]
[EventCountry "ESP"]
[Source "lmi"]
[SourceDate "2007.01.07"]

1. e4 d6 2. d4 g6 3. Nc3 Bg7 4. Be3 a6 5. f4 b5 6. Nf3 Bb7 7. Bd3 Nd7 8. Qe2 c5
9. dxc5 Nxc5 10. Bxc5 dxc5 11. e5 Nh6 12. Be4 Qb6 13. Bxb7 Qxb7 14. Qe4 Qa7 15.
Qc6+ Kf8 16. O-O-O c4 17. Rd7 1-0

[Event "32. Abierto Ciudad de Sevilla"]
[Site "Sevilla ESP"]
[Date "2007.01.13"]
[Round "7.12"]
[White "Fernandez Romero, Ernesto"]
[Black "Van Hoolandt, Patrick"]
[Result "1-0"]
[WhiteElo "2434"]
[BlackElo "2257"]
[PlyCount "97"]
[EventDate "2007.01.07"]
[EventType "swiss"]
[EventRounds "9"]
[EventCountry "ESP"]
[Source "lmi"]
[SourceDate "2007.01.07"]

1. e4 e5 2. Nf3 Nc6 3. Bb5 Nf6 4. O-O Nxe4 5. Qe2 Nd6 6. Bxc6 dxc6 7. Qxe5+ Be6
8. Nd4 Nc4 9. Qe4 Qd5 10. Re1 Bc5 11. Nxe6 Qxe6 12. c3 Kd7 13. Qd3+ Qd5 14.
Qh3+ f5 15. d3 Rae8 16. Rf1 Nb6 17. b4 Be7 18. a4 a6 19. a5 Nc8 20. c4 Qe6 21.
Bd2 Bf6 22. Nc3 g6 23. Rae1 Qf7 24. Ne4 Nd6 25. Nxf6+ Qxf6 26. Rc1 Qf7 27. Bf4
h5 28. Bxd6 cxd6 29. b5 Rb8 30. Qe3 c5 31. d4 Qe7 32. Qd2 cxd4 33. Qxd4 Qe5 34.
Qd2 Qc5 35. Qg5 Rhg8 36. Rfe1 Rbe8 37. Qf6 Rgf8 38. Qg7+ Kc8 39. bxa6 bxa6 40.
Red1 Qxa5 41. c5 d5 42. Qxg6 Re7 43. Qc6+ Kb8 44. Qd6+ Qc7 45. Qxa6 Qa7 46.
Qd6+ Kc8 47. Ra1 Rfe8 48. Qc6+ Kd8 49. Qxd5+ 1-0

[Event "32. Abierto Ciudad de Sevilla"]
[Site "Sevilla ESP"]
[Date "2007.01.13"]
[Round "7.13"]
[White "Melero Fidalgo, Juan de Dios"]
[Black "Teran Alvarez, Ismael"]
[Result "0-1"]
[WhiteElo "2195"]
[BlackElo "2417"]
[PlyCount "42"]
[EventDate "2007.01.07"]
[EventType "swiss"]
[EventRounds "9"]
[EventCountry "ESP"]
[Source "lmi"]
[SourceDate "2007.01.07"]

1. e4 c5 2. Nf3 d6 3. d4 cxd4 4. Nxd4 Nf6 5. Nc3 a6 6. Bg5 e6 7. f4 Qc7 8. Qf3
b5 9. Bd3 Nbd7 10. O-O-O b4 11. Nd5 exd5 12. exd5 Bb7 13. Rhe1+ Kd8 14. Qe4 Qc5
15. Nb3 Qb6 16. Qe8+ Kc7 17. Qxf7 Bxd5 18. Re6 Bxe6 19. Qxe6 d5 20. Qf7 Qe3+
21. Kb1 Qe8 0-1

[Event "32. Abierto Ciudad de Sevilla"]
[Site "Sevilla ESP"]
[Date "2007.01.13"]
[Round "7.14"]
[White "Gallardo Fernandez, Cesar"]
[Black "Siebrecht, Sebastian"]
[Result "0-1"]
[WhiteElo "2150"]
[BlackElo "2457"]
[PlyCount "68"]
[EventDate "2007.01.07"]
[EventType "swiss"]
[EventRounds "9"]
[EventCountry "ESP"]
[Source "lmi"]
[SourceDate "2007.01.07"]

1. e4 g6 2. d4 Bg7 3. Nf3 c5 4. c3 cxd4 5. cxd4 d5 6. exd5 Nf6 7. Nc3 O-O 8.
Bc4 Nbd7 9. O-O Nb6 10. Bb3 Nbxd5 11. Ne5 Be6 12. Re1 Rc8 13. Qf3 Qd6 14. Bg5
Nxc3 15. bxc3 Bd5 16. Qd3 Bxb3 17. axb3 a6 18. Ra5 Rfd8 19. Qf3 h6 20. Bd2 Qb8
21. Qh3 h5 22. Bf4 Qa7 23. Nxg6 fxg6 24. Rxe7 Qb6 25. b4 Ng4 26. Qf3 Qf6 27.
Rxb7 Rxc3 28. Qxc3 Qxf4 29. Rxg7+ Kxg7 30. d5+ Kh7 31. Ra2 Rxd5 32. g3 Rd1+ 33.
Kg2 Qe4+ 34. f3 Ne3+ 0-1

[Event "32. Abierto Ciudad de Sevilla"]
[Site "Sevilla ESP"]
[Date "2007.01.13"]
[Round "7.15"]
[White "Matamoros Franco, Carlos S"]
[Black "Urbina Perez, Juan Antonio"]
[Result "1/2-1/2"]
[WhiteElo "2540"]
[BlackElo "2114"]
[PlyCount "92"]
[EventDate "2007.01.07"]
[EventType "swiss"]
[EventRounds "9"]
[EventCountry "ESP"]
[Source "lmi"]
[SourceDate "2007.01.07"]

1. c4 Nf6 2. g3 e6 3. Bg2 d5 4. Nf3 Be7 5. O-O O-O 6. b3 b6 7. Bb2 Bb7 8. e3
dxc4 9. bxc4 c5 10. Qe2 Nc6 11. Nc3 a6 12. Rad1 Qc7 13. Ne1 Na5 14. f4 Bxg2 15.
Nxg2 Qc6 16. f5 b5 17. cxb5 axb5 18. fxe6 b4 19. exf7+ Rxf7 20. Nb1 Qe6 21. a3
Nc4 22. Nf4 Qe4 23. Bxf6 Rxf6 24. axb4 cxb4 25. Rc1 Ne5 26. d3 Qb7 27. d4 Ng6
28. Qc4+ Kh8 29. Qd5 Qa6 30. Nxg6+ hxg6 31. Rxf6 Bxf6 32. Nd2 Rd8 33. Qc4 Qa3
34. Nb3 Re8 35. Re1 Bg5 36. e4 Qb2 37. Qd3 Rc8 38. Re2 Qa3 39. Rc2 Be3+ 40. Kg2
Rc3 41. Rxc3 bxc3 42. Qxc3 Qa2+ 43. Kh3 Qe2 44. d5 Qh5+ 45. Kg2 Qe2+ 46. Kh3
Qh5+ 1/2-1/2

[Event "32. Abierto Ciudad de Sevilla"]
[Site "Sevilla ESP"]
[Date "2007.01.13"]
[Round "7.16"]
[White "Lariño Nieto, David"]
[Black "Morales Araujo, Francisco Javier"]
[Result "1-0"]
[WhiteElo "2450"]
[BlackElo "2102"]
[PlyCount "41"]
[EventDate "2007.01.07"]
[EventType "swiss"]
[EventRounds "9"]
[EventCountry "ESP"]
[Source "lmi"]
[SourceDate "2007.01.07"]

1. e4 c5 2. Nc3 Nc6 3. g3 d6 4. Bg2 g6 5. d3 Bg7 6. f4 e6 7. Nh3 Nge7 8. g4 f5
9. gxf5 exf5 10. O-O O-O 11. Nd5 fxe4 12. dxe4 Bd4+ 13. Ne3 Be6 14. c3 Bg7 15.
Ng5 Qd7 16. Nxe6 Qxe6 17. Nd5 Kh8 18. Nc7 Qd7 19. Nxa8 Rxa8 20. Be3 Na5 21.
Bxc5 1-0

[Event "32. Abierto Ciudad de Sevilla"]
[Site "Sevilla ESP"]
[Date "2007.01.13"]
[Round "7.17"]
[White "Astengo, Corrado"]
[Black "Ivanov, Jordan"]
[Result "1-0"]
[WhiteElo "2117"]
[BlackElo "2377"]
[PlyCount "79"]
[EventDate "2007.01.07"]
[EventType "swiss"]
[EventRounds "9"]
[EventCountry "ESP"]
[Source "lmi"]
[SourceDate "2007.01.07"]

1. e4 c5 2. Nf3 e6 3. d4 cxd4 4. Nxd4 a6 5. Nc3 b5 6. Bd3 Qb6 7. Nb3 Qc7 8. Be3
Bb7 9. f4 d6 10. Qf3 Nd7 11. a3 Ngf6 12. O-O h5 13. Rae1 Be7 14. Kh1 Rc8 15.
Bd4 h4 16. Qh3 e5 17. Be3 Rd8 18. Re2 Nc5 19. Nxc5 dxc5 20. fxe5 Bc8 21. Qf3
Qxe5 22. Bf4 Qh5 23. e5 Qxf3 24. gxf3 Nh5 25. Be3 Be6 26. Ree1 Kd7 27. Be4 Kc7
28. Rd1 f5 29. Bd5 Bc8 30. Bf7 Bb7 31. Nd5+ Bxd5 32. Bxd5 g5 33. Be6 Ng7 34.
Bf7 f4 35. Bd2 Nf5 36. Ba5+ Kc6 37. Bxd8 Rxd8 38. Rxd8 Bxd8 39. Rd1 Ba5 40. e6
1-0

[Event "32. Abierto Ciudad de Sevilla"]
[Site "Sevilla ESP"]
[Date "2007.01.13"]
[Round "7.18"]
[White "Diaz Rodriguez, Jose Antonio"]
[Black "Garcia Luque, Agustin"]
[Result "0-1"]
[WhiteElo "2112"]
[BlackElo "2373"]
[PlyCount "86"]
[EventDate "2007.01.07"]
[EventType "swiss"]
[EventRounds "9"]
[EventCountry "ESP"]
[Source "lmi"]
[SourceDate "2007.01.07"]

1. e4 c6 2. d4 d5 3. Nd2 dxe4 4. Nxe4 Nd7 5. Bc4 Ngf6 6. Ng5 e6 7. Ne2 Bd6 8.
Ng3 O-O 9. O-O c5 10. dxc5 Bxc5 11. Qe2 a6 12. Bd3 h6 13. N5e4 Be7 14. Rd1 Qc7
15. Nh5 Nxh5 16. Qxh5 Qe5 17. Qf3 f5 18. Ng3 Qf6 19. Bc4 Ne5 20. Qb3 b5 21. Be2
Kh8 22. Bf4 Ng6 23. Bd6 Bb7 24. Nh5 Qf7 25. Bf3 Bxf3 26. Qxf3 Rac8 27. Bxe7
Qxe7 28. c3 Rc4 29. Rd4 Rxd4 30. cxd4 Rd8 31. Qg3 Kh7 32. Rd1 Rd5 33. Nf4 Nxf4
34. Qxf4 Qd7 35. h3 e5 36. Qf3 Rxd4 37. Re1 Rd3 38. Qh5 e4 39. g4 Rd1 40. Rxd1
Qxd1+ 41. Kg2 Qf3+ 42. Kg1 e3 43. fxe3 Qg3+ 0-1

[Event "32. Abierto Ciudad de Sevilla"]
[Site "Sevilla ESP"]
[Date "2007.01.13"]
[Round "7.19"]
[White "Razmyslov, Alexander"]
[Black "Ramos Suria, Felix"]
[Result "1/2-1/2"]
[WhiteElo "2349"]
[BlackElo "2098"]
[PlyCount "31"]
[EventDate "2007.01.07"]
[EventType "swiss"]
[EventRounds "9"]
[EventCountry "ESP"]
[Source "lmi"]
[SourceDate "2007.01.07"]

1. e4 e5 2. Nf3 Nc6 3. d4 exd4 4. Bc4 Nf6 5. O-O Nxe4 6. Re1 d5 7. Bxd5 Qxd5 8.
Nc3 Qa5 9. Nxe4 Be6 10. Bd2 Qd5 11. Bg5 Bd6 12. Bf6 O-O 13. Nxd4 Nxd4 14. Qxd4
Qxd4 15. Bxd4 Rfd8 16. Nxd6 1/2-1/2

[Event "32. Abierto Ciudad de Sevilla"]
[Site "Sevilla ESP"]
[Date "2007.01.13"]
[Round "7.20"]
[White "Lanzani, Mario"]
[Black "Romero Romero, Sebastian"]
[Result "1/2-1/2"]
[WhiteElo "2338"]
[BlackElo "2073"]
[PlyCount "29"]
[EventDate "2007.01.07"]
[EventType "swiss"]
[EventRounds "9"]
[EventCountry "ESP"]
[Source "lmi"]
[SourceDate "2007.01.07"]

1. d4 d5 2. c4 c6 3. Nc3 Nf6 4. Nf3 a6 5. g3 Bf5 6. cxd5 cxd5 7. Qb3 Ra7 8. Bg2
e6 9. Nh4 Bg4 10. h3 Bh5 11. g4 Nfd7 12. Nf3 Bg6 13. Bf4 Nc6 14. O-O Be7 15.
Rac1 1/2-1/2

[Event "32. Abierto Ciudad de Sevilla"]
[Site "Sevilla ESP"]
[Date "2007.01.13"]
[Round "7.21"]
[White "Barrios Muñoz, Rafael Carlos"]
[Black "Fenollar Jorda, Manuel"]
[Result "0-1"]
[WhiteElo "2098"]
[BlackElo "2307"]
[PlyCount "84"]
[EventDate "2007.01.07"]
[EventType "swiss"]
[EventRounds "9"]
[EventCountry "ESP"]
[Source "lmi"]
[SourceDate "2007.01.07"]

1. d4 d5 2. Bg5 f6 3. Bf4 Nc6 4. e3 e5 5. Bg3 h5 6. h3 h4 7. Bh2 Bd6 8. c3 Be6
9. Nf3 e4 10. Nfd2 Bxh2 11. Rxh2 f5 12. Nb3 Qd6 13. Rh1 f4 14. Qd2 O-O-O 15.
Na3 fxe3 16. Qxe3 Nh6 17. Nb5 Qe7 18. O-O-O Nf5 19. Qd2 Rhf8 20. Be2 e3 21.
fxe3 Ng3 22. Nc5 Bf5 23. Bf3 Nxh1 24. Rxh1 a6 25. c4 axb5 26. cxd5 Nb8 27. Nxb7
Be4 28. Nxd8 Rxd8 29. Bg4+ Kb7 30. Rf1 Bxd5 31. Rf5 c6 32. Re5 Qc7 33. b3 Qf7
34. e4 Qf1+ 35. Kb2 Bg8 36. Re7+ Kb6 37. a4 Qf6 38. Re5 Qxe5 39. a5+ Ka6 40.
Bc8+ Ka7 41. dxe5 Rxd2+ 42. Kc3 Rd8 0-1

[Event "32. Abierto Ciudad de Sevilla"]
[Site "Sevilla ESP"]
[Date "2007.01.13"]
[Round "7.22"]
[White "Jimenez Hernandez, Cayetano"]
[Black "Fernandez Ruiz, Manuel Alejandro"]
[Result "1-0"]
[WhiteElo "2229"]
[BlackElo "2058"]
[PlyCount "77"]
[EventDate "2007.01.07"]
[EventType "swiss"]
[EventRounds "9"]
[EventCountry "ESP"]
[Source "lmi"]
[SourceDate "2007.01.07"]

1. e4 g6 2. d4 Bg7 3. Nc3 c6 4. Nf3 d5 5. h3 Nf6 6. Bd3 e6 7. Qe2 O-O 8. e5
Nfd7 9. Bg5 Qa5 10. Bd2 Qc7 11. h4 a6 12. Nd1 f6 13. exf6 Nxf6 14. Bg5 Re8 15.
Ne5 Nbd7 16. Bd2 Ne4 17. Bxe4 Nxe5 18. dxe5 dxe4 19. Qxe4 Qxe5 20. Qxe5 Bxe5
21. h5 Bg7 22. hxg6 hxg6 23. a4 e5 24. Ra3 Be6 25. Rg3 Kf7 26. Rf3+ Kg8 27. Ne3
e4 28. Rg3 Bxb2 29. Rxg6+ Kf7 30. Rgh6 Rh8 31. c3 Kg7 32. R6h4 Ba3 33. Nc2 Be7
34. Bh6+ Kg6 35. Rxe4 Bf5 36. Rxe7 Bxc2 37. Rg7+ Kf6 38. Rxb7 Bxa4 39. Bg7+ 1-0

[Event "32. Abierto Ciudad de Sevilla"]
[Site "Sevilla ESP"]
[Date "2007.01.13"]
[Round "7.23"]
[White "Prados Montaño, Antonio"]
[Black "Gavira Galocha, Antonio Jesus"]
[Result "1-0"]
[WhiteElo "2208"]
[BlackElo "2038"]
[PlyCount "49"]
[EventDate "2007.01.07"]
[EventType "swiss"]
[EventRounds "9"]
[EventCountry "ESP"]
[Source "lmi"]
[SourceDate "2007.01.07"]

1. e4 c5 2. Nc3 Nc6 3. g3 g6 4. Bg2 Bg7 5. d3 d6 6. Be3 e6 7. Qd2 Nd4 8. Nd1
Rb8 9. c3 Nc6 10. Ne2 Nge7 11. O-O O-O 12. Bh6 b6 13. Bxg7 Kxg7 14. Ne3 e5 15.
Rad1 Be6 16. f4 f5 17. d4 exd4 18. cxd4 Bxa2 19. d5 Nb4 20. Nd4 Qe8 21. Ne6+
Kg8 22. b3 Rf7 23. Qc3 Qb5 24. Rf2 Qa6 25. Nc2 1-0

[Event "32. Abierto Ciudad de Sevilla"]
[Site "Sevilla ESP"]
[Date "2007.01.13"]
[Round "7.24"]
[White "Aranaz Portugues, Jose Carlos"]
[Black "Antoniacci, Ricardo"]
[Result "1-0"]
[WhiteElo "2180"]
[BlackElo "1973"]
[PlyCount "85"]
[EventDate "2007.01.07"]
[EventType "swiss"]
[EventRounds "9"]
[EventCountry "ESP"]
[Source "lmi"]
[SourceDate "2007.01.07"]

1. d4 Nf6 2. Bg5 e6 3. e4 h6 4. Bxf6 Qxf6 5. Nc3 Bb4 6. e5 Qe7 7. Qd2 d5 8. a3
Bxc3 9. Qxc3 O-O 10. f4 b6 11. Nf3 c5 12. Bd3 Ba6 13. O-O Bxd3 14. Qxd3 Nc6 15.
c3 c4 16. Qe3 b5 17. g4 f5 18. exf6 Qxf6 19. Rae1 Rae8 20. Ne5 Nxe5 21. dxe5
Qe7 22. Kh1 Qb7 23. Qd4 Re7 24. Rf2 a5 25. f5 Qa7 26. Qd2 Ref7 27. Ref1 Qb7 28.
Kg1 Qa7 29. Kg2 Qe7 30. f6 gxf6 31. Qxh6 f5 32. gxf5 exf5 33. Kh1 Rh7 34. Rg2+
Kh8 35. Qe3 Qh4 36. Rf4 Qh6 37. Qd4 Qe6 38. Rf3 Rg8 39. Rfg3 Rxg3 40. Rxg3 Rg7
41. Qh4+ Kg8 42. Qd8+ Kf7 43. Qc7+ 1-0

[Event "32. Abierto Ciudad de Sevilla"]
[Site "Sevilla ESP"]
[Date "2007.01.13"]
[Round "7.30"]
[White "Gonzalez Galvan, Juan Manuel"]
[Black "Coimbra, Margarida Goncalves"]
[Result "0-1"]
[WhiteElo "2294"]
[BlackElo "2061"]
[PlyCount "94"]
[EventDate "2007.01.07"]
[EventType "swiss"]
[EventRounds "9"]
[EventCountry "ESP"]
[Source "lmi"]
[SourceDate "2007.01.07"]

1. e4 e5 2. f4 d5 3. exd5 e4 4. d3 Nf6 5. dxe4 Nxe4 6. Nf3 Bc5 7. Qe2 f5 8.
Nfd2 O-O 9. Nxe4 fxe4 10. Nc3 Bb4 11. Qc4 Qd6 12. Be2 Nd7 13. Be3 Nb6 14. Bxb6
axb6 15. g3 Kh8 16. a3 Bxc3+ 17. Qxc3 Qxd5 18. Qxc7 e3 19. O-O Bh3 20. Rf3 Qd2
21. Qc4 Rac8 22. Qd3 Rxc2 23. Rxe3 Rc1+ 24. Rxc1 Qxc1+ 25. Kf2 Qh1 26. Qd4
Qxh2+ 27. Ke1 Rc8 28. Kd2 Bf5 29. Rc3 Re8 30. Re3 Rc8 31. Qa4 b5 32. Qb3 h6 33.
Rc3 Rd8+ 34. Ke3 Qxg3+ 35. Bf3 Qe1+ 36. Be2 Re8+ 37. Kd4 Qxe2 38. Kc5 Rc8+ 39.
Kb4 Rxc3 40. bxc3 Qc4+ 41. Qxc4 bxc4 42. Kxc4 h5 43. Kd4 Kg8 44. c4 h4 45. Ke3
Kf7 46. a4 Ke7 47. c5 Kd7 0-1